01222cam a2200253 a 450000100100000000500170001000800410002702000150006804000250008308200190010810000340012724501250016126000990028630000210038550001190040650400320052565000360055765000370059365000370063071000490066795201160071695201210083299900150095300000281420200929150249.0000817s1999 pr b 001 e spa  z0963344103 aDO-SdBNPbspacBNPHU aPR864.44bE74e1 aEscobar, Elizam,d1948-9889114aLos ensayos del artificiero :bmás allá de lo político directo y el post-modernismo (1983-1993) /cElizam Escobar. aCayey ;aSan Juan, Puerto Rico :bSopa de Letras ;bIsla Negra,c1999.eSanto Domingo:fBúho a247 p. ;c22 cm. aLa impresión de este libro se realizó gracias a una aportación de la Fundación Francisco Manrique Cabrera. aBibliografía: p. 246-247. 4aEnsayos puertorriqueños98892 4aLiteratura post-modernista98893 4aLiteratura puertorriqueña92502 aFundación Francisco Manrique Cabrera98894 001050718MOaPDbPDcHDd2009-07-03iLF1l0oPR864.44 E74ep2814-10r2020-06-25w2020-06-25y1ZNo se presta 001050718MOaPDbPDcHDd2009-07-03iLF1l0oPR864.44 E74ep2814-20r2020-06-25te.2w2020-06-25y1ZNo se presta c2648d2648